[Event "Copa Latinoamericana de Ajedrez 2011"]
[Site "Montevideo URU"]
[Date "2011.11.05"]
[Round "7.32"]
[White "Cuevas Araya, Walter"]
[Black "Kasuo Okamura, Milton"]
[Result "1-0"]
[WhiteElo "2259"]
[BlackElo "2107"]
[PlyCount "67"]
[EventDate "2011.11.01"]
[EventType "swiss"]
[EventRounds "9"]
[EventCountry "URU"]
[Source "lmi"]
[SourceDate "2011.11.01"]

1. d4 d5 2. c4 c6 3. Nf3 Nf6 4. g3 g6 5. Bg2 Bg7 6. O-O O-O 7. cxd5 cxd5 8. Ne5
Nc6 9. Nc3 Qb6 10. Na4 Qb5 11. Nc3 Qa5 12. Bd2 Qd8 13. Bg5 e6 14. Ng4 h5 15.
Ne5 Qa5 16. Qd2 Kh8 17. Qf4 Nxe5 18. Bxf6 Ng4 19. Be7 Rg8 20. h3 Nh6 21. g4
hxg4 22. hxg4 f5 23. g5 Ng4 24. Bf3 e5 25. dxe5 Bxe5 26. Bf6+ Bxf6 27. gxf6
Nxf6 28. Nxd5 Kg7 29. Rfd1 Be6 30. Nc7 Qb6 31. Nxa8 Rxa8 32. Rac1 Qxb2 33. Rc7+
Bf7 34. Rxb7 1-0

[Event "Copa Latinoamericana de Ajedrez 2011"]
[Site "Montevideo URU"]
[Date "2011.11.05"]
[Round "7.33"]
[White "Coppola, Claudio"]
[Black "Muniz, Rafael"]
[Result "0-1"]
[WhiteElo "2092"]
[BlackElo "2220"]
[PlyCount "198"]
[EventDate "2011.11.01"]
[EventType "swiss"]
[EventRounds "9"]
[EventCountry "URU"]
[Source "lmi"]
[SourceDate "2011.11.01"]

1. d4 Nf6 2. c4 c5 3. d5 d6 4. Nc3 g6 5. Nf3 Bg7 6. g3 O-O 7. Bg2 Na6 8. O-O
Nc7 9. e4 a6 10. a4 Rb8 11. Qc2 b5 12. h3 bxc4 13. Nd2 Rb4 14. Na2 Rb8 15. Nxc4
e6 16. Nc3 exd5 17. exd5 Bf5 18. Qd1 Rb4 19. Ne3 Rd4 20. Qf3 Bd3 21. Rd1 Re8
22. Bf1 Bxf1 23. Nxf1 Qd7 24. Bg5 Ne4 25. Bf4 f5 26. Nxe4 fxe4 27. Qg4 Qxg4 28.
hxg4 Rd8 29. Ne3 Rxd1+ 30. Rxd1 Bxb2 31. Nc4 Bd4 32. Bxd6 Nxd5 33. Rb1 e3 34.
f4 e2+ 35. Kg2 Bc3 36. Kf2 e1=Q+ 37. Rxe1 Bxe1+ 38. Kxe1 Nb6 39. Be7 Re8 40.
Nxb6 Rxe7+ 41. Kd2 Kf7 42. Kd3 Re1 43. Kc4 Rc1+ 44. Kd5 Ke7 45. Nc4 Rc3 46.
Kxc5 Rxg3 47. Ne5 Rb3 48. Nc6+ Kd7 49. Nb4 h5 50. f5 hxg4 51. fxg6 Ke6 52. Nxa6
g3 53. Nc7+ Kf6 54. Nd5+ Kxg6 55. Nf4+ Kf5 56. Ne2 g2 57. Nd4+ Ke4 58. Nxb3
g1=Q+ 59. Kb5 Kd5 60. a5 Qb1 61. Kb4 Kc6 62. Kc4 Qe4+ 63. Kc3 Kb5 64. Nd2 Qb4+
65. Kd3 Qxa5 66. Kc2 Kb4 67. Kd3 Qd5+ 68. Ke3 Kc5 69. Ne4+ Kc4 70. Ng3 Qd3+ 71.
Kf4 Kc3 72. Nf5 Qd5 73. Ng3 Kd3 74. Nf5 Qe4+ 75. Kg5 Qe5 76. Kg4 Ke2 77. Ng3+
Kf2 78. Nf5 Kg2 79. Nh4+ Kf2 80. Nf5 Qe4+ 81. Kg5 Kf3 82. Nh4+ Ke3 83. Nf5+ Kd3
84. Kf6 Qe8 85. Kg5 Qe5 86. Kg4 Qe1 87. Kf4 Qe6 88. Ng3 Qf6+ 89. Kg4 Qg6+ 90.
Kf4 Qd6+ 91. Kg4 Qd4+ 92. Kg5 Qg1 93. Kf4 Qf2+ 94. Kg4 Kd4 95. Nf5+ Ke5 96. Ng3
Qg2 97. Kh4 Kf4 98. Nh5+ Kf3 99. Nf6 Qg6 0-1

[Event "Copa Latinoamericana de Ajedrez 2011"]
[Site "Montevideo URU"]
[Date "2011.11.05"]
[Round "7.34"]
[White "Quenallata, Luciano"]
[Black "Escofet, Jaime"]
[Result "0-1"]
[WhiteElo "2217"]
[BlackElo "2056"]
[PlyCount "68"]
[EventDate "2011.11.01"]
[EventType "swiss"]
[EventRounds "9"]
[EventCountry "URU"]
[Source "lmi"]
[SourceDate "2011.11.01"]

1. Nf3 e6 2. d4 f5 3. g3 Nf6 4. Bg2 d5 5. c4 c6 6. O-O Bd6 7. b3 Qe7 8. Bb2 O-O
9. Qc1 Nbd7 10. Ba3 Ne4 11. Ne5 Bxa3 12. Qxa3 Qf6 13. Qb2 Qh6 14. e3 g5 15. f4
Nef6 16. Bf3 Qg7 17. Kf2 Nxe5 18. dxe5 Ng4+ 19. Bxg4 fxg4 20. Nd2 Bd7 21. Kg1
gxf4 22. exf4 Be8 23. b4 Bg6 24. cxd5 cxd5 25. Nb3 Rac8 26. Rac1 Qe7 27. Qd4 b6
28. Qd2 Rc4 29. Nd4 Rfc8 30. Rxc4 dxc4 31. Nb5 c3 32. Qd6 Qxd6 33. exd6 Bd3 34.
Nxa7 Bxf1 0-1

[Event "Copa Latinoamericana de Ajedrez 2011"]
[Site "Montevideo URU"]
[Date "2011.11.05"]
[Round "7.35"]
[White "Cervetto, Esteban"]
[Black "Piñeiro, Dario"]
[Result "0-1"]
[WhiteElo "2076"]
[BlackElo "2198"]
[PlyCount "94"]
[EventDate "2011.11.01"]
[EventType "swiss"]
[EventRounds "9"]
[EventCountry "URU"]
[Source "lmi"]
[SourceDate "2011.11.01"]

1. e4 e5 2. Nf3 Nf6 3. Nxe5 d6 4. Nf3 Nxe4 5. Nc3 Nxc3 6. dxc3 Nc6 7. Bf4 Be7
8. Qd2 Be6 9. O-O-O Qd7 10. h3 O-O-O 11. Bb5 a6 12. Be2 Bf6 13. Ng5 Kb8 14. g4
h6 15. Nxe6 fxe6 16. h4 Rdf8 17. g5 hxg5 18. hxg5 Rxh1 19. Rxh1 Be5 20. Be3 Qf7
21. Rh4 Ne7 22. f4 Nf5 23. Rh1 Nxe3 24. fxe5 Nf1 25. Rxf1 Qxf1+ 26. Bxf1 Rxf1+
27. Qd1 Rxd1+ 28. Kxd1 dxe5 29. Kd2 Kc8 30. c4 Kd7 31. Ke3 Ke7 32. Ke4 Kf7 33.
c5 Kg6 34. Kxe5 Kxg5 35. Kxe6 Kf4 36. Kd7 c6 37. Kc7 g5 38. Kxb7 g4 39. Kxc6 g3
40. Kb7 g2 41. c6 g1=Q 42. c7 Qg7 43. c4 Qxb2+ 44. Kxa6 Qa3+ 45. Kb7 Qb4+ 46.
Kc6 Qxc4+ 47. Kd7 Qd4+ 0-1

[Event "Copa Latinoamericana de Ajedrez 2011"]
[Site "Montevideo URU"]
[Date "2011.11.05"]
[Round "7.36"]
[White "Bernal, Gustavo"]
[Black "Oddone, Cristhian"]
[Result "0-1"]
[WhiteElo "2068"]
[BlackElo "2197"]
[PlyCount "94"]
[EventDate "2011.11.01"]
[EventType "swiss"]
[EventRounds "9"]
[EventCountry "URU"]
[Source "lmi"]
[SourceDate "2011.11.01"]

1. d4 f5 2. g3 Nf6 3. Bg2 e6 4. c4 Be7 5. Nf3 O-O 6. O-O d6 7. Nc3 Qe8 8. Re1
Qg6 9. e4 Nxe4 10. Nxe4 fxe4 11. Rxe4 Nc6 12. Nh4 Qf7 13. Rf4 Bf6 14. Nf3 Bd7
15. Ng5 Qe7 16. Nxh7 Kxh7 17. Qh5+ Kg8 18. Be4 g5 19. Rxf6 Rxf6 20. Bxg5 Raf8
21. Bxf6 Rxf6 22. Rd1 Be8 23. Qh4 Bg6 24. Bg2 Rf8 25. Qg4 Qf6 26. Rd2 Qf5 27.
Qxf5 Bxf5 28. f4 Re8 29. h3 Kg7 30. g4 Bb1 31. b3 Kf6 32. Kh2 a5 33. Kg3 a4 34.
h4 axb3 35. axb3 Ra8 36. h5 Ra3 37. g5+ Kg7 38. d5 Rxb3+ 39. Kh4 exd5 40. Rxd5
Ne7 41. h6+ Kg6 42. Rb5 Rxb5 43. cxb5 d5 44. Bf3 Bc2 45. Bh5+ Kh7 46. Bf7 d4
47. Kg4 d3 0-1

[Event "Copa Latinoamericana de Ajedrez 2011"]
[Site "Montevideo URU"]
[Date "2011.11.05"]
[Round "7.38"]
[White "Meyer Monsalver, Ewald"]
[Black "Leiva, Giuseppe"]
[Result "0-1"]
[WhiteElo "2060"]
[BlackElo "2183"]
[PlyCount "82"]
[EventDate "2011.11.01"]
[EventType "swiss"]
[EventRounds "9"]
[EventCountry "URU"]
[Source "lmi"]
[SourceDate "2011.11.01"]

1. d4 Nf6 2. c4 e6 3. g3 c5 4. Nf3 cxd4 5. Nxd4 Nc6 6. Bg2 Bb4+ 7. Nc3 a6 8.
O-O Qc7 9. a3 Bxc3 10. bxc3 Na5 11. c5 Qxc5 12. Qd3 O-O 13. a4 Nc4 14. Nb3 Qc7
15. Bf4 d6 16. Bg5 Nd7 17. e4 Nde5 18. Qe2 Bd7 19. Kh1 Ng6 20. h4 f6 21. Bc1
Rac8 22. h5 Nge5 23. f4 Nf7 24. a5 e5 25. f5 h6 26. Re1 Rfd8 27. Qd3 Be8 28. g4
Bb5 29. Qg3 Rd7 30. Kh2 Nd8 31. Qh4 Nc6 32. Nd2 Nxd2 33. Bxd2 Qd8 34. Rac1 Bc4
35. Rg1 d5 36. exd5 Bxd5 37. Be3 Nxa5 38. Qf2 Nc4 39. Bc5 Bxg2 40. Rxg2 Rd2 41.
Qg1 Rxg2+ 0-1

[Event "Copa Latinoamericana de Ajedrez 2011"]
[Site "Montevideo URU"]
[Date "2011.11.05"]
[Round "7.39"]
[White "Ovalles, Otto"]
[Black "Tregarthen, Emiliano"]
[Result "1-0"]
[WhiteElo "2175"]
[BlackElo "2051"]
[PlyCount "101"]
[EventDate "2011.11.01"]
[EventType "swiss"]
[EventRounds "9"]
[EventCountry "URU"]
[Source "lmi"]
[SourceDate "2011.11.01"]

1. d4 Nf6 2. c4 e6 3. Nf3 c5 4. d5 exd5 5. cxd5 d6 6. Nc3 g6 7. e4 Bg7 8. Bd3
O-O 9. h3 Re8 10. O-O b5 11. Bxb5 Bd7 12. Bd3 c4 13. Bc2 Na6 14. Bf4 Qb6 15.
Rb1 Nb4 16. Re1 Rac8 17. Be3 Qa6 18. Bd4 Re7 19. a3 Nxc2 20. Qxc2 Rce8 21. Re2
Bc8 22. Rbe1 Bb7 23. Qd2 h6 24. Bxf6 Bxf6 25. Qxh6 Bg7 26. Qd2 Bxc3 27. bxc3
Qxa3 28. Qd4 Qc5 29. Kf1 Qb6 30. Qf6 a5 31. h4 Qd8 32. h5 Rd7 33. Qxd8 Rdxd8
34. hxg6 fxg6 35. Nd4 Kf7 36. Rb2 Bc8 37. Nc6 Rd7 38. Ra2 Kf6 39. Rxa5 Rh7 40.
f3 Kg5 41. Kf2 Reh8 42. Ra4 Bb7 43. Rxc4 Rc7 44. Rb1 Rhc8 45. Rb6 Ra8 46. Rb2
Ra3 47. Na5 Rxc4 48. Nxc4 Rxc3 49. Nxd6 Ba6 50. Nf7+ Kh4 51. Rd2 1-0

[Event "Copa Latinoamericana de Ajedrez 2011"]
[Site "Montevideo URU"]
[Date "2011.11.05"]
[Round "7.40"]
[White "Barboza, Mauro"]
[Black "Saralegui, Mario"]
[Result "1/2-1/2"]
[WhiteElo "2051"]
[BlackElo "2169"]
[PlyCount "60"]
[EventDate "2011.11.01"]
[EventType "swiss"]
[EventRounds "9"]
[EventCountry "URU"]
[Source "lmi"]
[SourceDate "2011.11.01"]

1. e4 e5 2. Nf3 Nc6 3. Bc4 Nf6 4. d3 Be7 5. h3 d6 6. a3 O-O 7. O-O a6 8. Nc3 h6
9. Be3 Na5 10. Ba2 c5 11. Qd2 Kh7 12. Nd5 Nxd5 13. Bxd5 Nc6 14. Nh2 Bg5 15. f4
exf4 16. Bxf4 Ne5 17. Nf3 Bxf4 18. Qxf4 Ng6 19. Qg3 Be6 20. h4 Bxd5 21. exd5
Kg8 22. h5 Ne7 23. c4 Nf5 24. Qf4 Nd4 25. Nxd4 cxd4 26. Rfe1 Qd7 27. Qxd4 Rfe8
28. b4 Qa4 29. Rxe8+ Rxe8 30. Qf4 Qd7 1/2-1/2

[Event "Copa Latinoamericana de Ajedrez 2011"]
[Site "Montevideo URU"]
[Date "2011.11.05"]
[Round "7.41"]
[White "Rezende Vilela, Guilherme"]
[Black "Ulaneo, Ruben"]
[Result "1-0"]
[WhiteElo "2050"]
[BlackElo "2155"]
[PlyCount "35"]
[EventDate "2011.11.01"]
[EventType "swiss"]
[EventRounds "9"]
[EventCountry "URU"]
[Source "lmi"]
[SourceDate "2011.11.01"]

1. d4 f5 2. Nf3 Nf6 3. Bf4 e6 4. e3 d5 5. Bd3 Bd6 6. O-O O-O 7. c4 c6 8. c5
Bxf4 9. exf4 b6 10. b4 a5 11. b5 bxc5 12. dxc5 cxb5 13. Bxb5 Qc7 14. Qd4 Ne4
15. Rc1 Qxf4 16. Nc3 Ba6 17. a4 Rc8 18. Nxd5 1-0

[Event "Copa Latinoamericana de Ajedrez 2011"]
[Site "Montevideo URU"]
[Date "2011.11.05"]
[Round "7.42"]
[White "Curi, Gabriel"]
[Black "Codigone, Maximiliano"]
[Result "1/2-1/2"]
[WhiteElo "2154"]
[BlackElo "2033"]
[PlyCount "44"]
[EventDate "2011.11.01"]
[EventType "swiss"]
[EventRounds "9"]
[EventCountry "URU"]
[Source "lmi"]
[SourceDate "2011.11.01"]

1. e4 c6 2. d4 d5 3. exd5 cxd5 4. c4 Nf6 5. Nc3 Nc6 6. Bg5 dxc4 7. Bxc4 a6 8.
d5 Ne5 9. Qd4 Nxc4 10. Qxc4 b5 11. Qd3 b4 12. Bxf6 gxf6 13. Nd1 Bb7 14. Ne3 Qa5
15. Ne2 Rd8 16. O-O Bh6 17. Nf5 Rxd5 18. Qe4 Rxf5 19. Qxb7 O-O 20. Qxe7 Re5 21.
Qxf6 Rxe2 22. Qxh6 Rfe8 1/2-1/2

[Event "Copa Latinoamericana de Ajedrez 2011"]
[Site "Montevideo URU"]
[Date "2011.11.05"]
[Round "7.43"]
[White "Arias, Jorge"]
[Black "Montoro, Gustavo E"]
[Result "1/2-1/2"]
[WhiteElo "2151"]
[BlackElo "2027"]
[PlyCount "48"]
[EventDate "2011.11.01"]
[EventType "swiss"]
[EventRounds "9"]
[EventCountry "URU"]
[Source "lmi"]
[SourceDate "2011.11.01"]

1. c4 e5 2. Nc3 Nc6 3. g3 f5 4. Bg2 Nf6 5. d3 Bb4 6. e3 Bxc3+ 7. bxc3 d6 8. Ne2
O-O 9. O-O Qe8 10. f4 exf4 11. d4 b6 12. c5 dxc5 13. dxc5 Ba6 14. Re1 Kh8 15.
Ba3 Ng4 16. Nd4 Rf6 17. h3 Nh6 18. Bf1 Bxf1 19. Kxf1 Na5 20. Qe2 Rg6 21. Kf2
Qf7 22. Qa6 Qc4 23. Qxc4 Nxc4 24. Bc1 Rd8 1/2-1/2

[Event "Copa Latinoamericana de Ajedrez 2011"]
[Site "Montevideo URU"]
[Date "2011.11.05"]
[Round "7.44"]
[White "Carbone, Diego"]
[Black "Cukerman, Diego"]
[Result "1-0"]
[WhiteElo "2030"]
[BlackElo "2133"]
[PlyCount "151"]
[EventDate "2011.11.01"]
[EventType "swiss"]
[EventRounds "9"]
[EventCountry "URU"]
[Source "lmi"]
[SourceDate "2011.11.01"]

1. Nf3 Nf6 2. c4 g6 3. Nc3 Bg7 4. d4 d6 5. g3 O-O 6. Bg2 Nc6 7. O-O h6 8. h3
Bd7 9. e4 Na5 10. e5 Ne8 11. Qe2 c5 12. dxc5 dxc5 13. Rd1 Qc8 14. Kh2 Nc7 15.
b3 Nc6 16. Bb2 Rb8 17. Rd2 a6 18. Rad1 Be6 19. Qe3 b6 20. Ne4 Bf5 21. g4 Bxe4
22. Qxe4 Ne6 23. Nh4 Ncd4 24. Kh1 Qc7 25. Bxd4 Nxd4 26. f4 g5 27. Nf5 Nxf5 28.
gxf5 gxf4 29. e6 Qe5 30. Rd7 fxe6 31. fxe6 Qxe4 32. Bxe4 Bd4 33. Kg2 Rf6 34.
Kf3 Kf8 35. Bd5 Be5 36. Re1 Bd4 37. Rd1 Be5 38. Re1 Bd4 39. Re4 Be3 40. Re5 Bd4
41. Re2 Rf5 42. Kg4 Re5 43. Rxe5 Bxe5 44. Kf5 Bf6 45. Ra7 a5 46. Kg6 Bg7 47.
Rd7 Bf6 48. Kxh6 Kg8 49. Be4 Kh8 50. Rd3 Rg8 51. Bg6 Bg7+ 52. Kh5 Bd4 53. h4
Kg7 54. Bf7 Rh8+ 55. Kg4 Kf6 56. h5 Ke5 57. Rh3 Rh7 58. Kf3 Be3 59. h6 Rh8 60.
h7 Kf6 61. Bg8 Kg5 62. Rh1 Bd4 63. Re1 Kf5 64. Re2 Be3 65. Rg2 Bd4 66. Rg4 Be5
67. Rh4 Kg5 68. Rh2 Bd4 69. Ke4 Be3 70. Rg2+ Kf6 71. Rg4 Bd2 72. Rg1 Be3 73.
Rd1 Bd4 74. Kxf4 Be5+ 75. Ke4 Bd6 76. Rd5 1-0

[Event "Copa Latinoamericana de Ajedrez 2011"]
[Site "Montevideo URU"]
[Date "2011.11.05"]
[Round "7.45"]
[White "Salguero, Rafael"]
[Black "Genta, Alejandro"]
[Result "0-1"]
[WhiteElo "1855"]
[BlackElo "2123"]
[PlyCount "54"]
[EventDate "2011.11.01"]
[EventType "swiss"]
[EventRounds "9"]
[EventCountry "URU"]
[Source "lmi"]
[SourceDate "2011.11.01"]

1. c4 Nf6 2. Nc3 g6 3. Nf3 Bg7 4. d4 O-O 5. e3 c5 6. Bd3 cxd4 7. exd4 d5 8. O-O
Nc6 9. h3 Nb4 10. Bb1 dxc4 11. Qa4 a5 12. Bf4 Bd7 13. Qd1 Nbd5 14. Be5 b5 15.
Nxd5 Nxd5 16. Bxg7 Kxg7 17. a4 c3 18. axb5 cxb2 19. Ra3 Rb8 20. Bd3 Bxb5 21.
Qd2 Bxd3 22. Qxd3 Qb6 23. Rb1 Rfc8 24. Ra2 Rc1+ 25. Kh2 Qc7+ 26. g3 Rxb1 27.
Qxb1 Nc3 0-1

[Event "Copa Latinoamericana de Ajedrez 2011"]
[Site "Montevideo URU"]
[Date "2011.11.05"]
[Round "7.46"]
[White "Martinez, Ayelen"]
[Black "Martyniuk, Carolina"]
[Result "1/2-1/2"]
[WhiteElo "2123"]
[BlackElo "1959"]
[PlyCount "88"]
[EventDate "2011.11.01"]
[EventType "swiss"]
[EventRounds "9"]
[EventCountry "URU"]
[Source "lmi"]
[SourceDate "2011.11.01"]

1. e4 g6 2. d4 Bg7 3. f4 d6 4. Nf3 Nf6 5. Nc3 O-O 6. Be3 c6 7. Qd2 b5 8. Bd3 a6
9. O-O-O Qa5 10. Kb1 Bb7 11. f5 c5 12. e5 dxe5 13. Nxe5 cxd4 14. Bxd4 b4 15.
Nc4 Qd8 16. Ne2 Nc6 17. Bb6 Qe8 18. h4 e5 19. fxg6 hxg6 20. h5 Nxh5 21. Rxh5
gxh5 22. Nd6 Qe7 23. Ng3 Nd4 24. Bxd4 Qxd6 25. Nf5 Qf6 26. Bf2 Rad8 27. Bh4
Qxf5 28. Bxd8 Qf4 29. Qe2 e4 30. Bc4 Qe5 31. c3 bxc3 32. Bb6 cxb2 33. Bd4 Qg5
34. Bxg7 Qxg7 35. Qxh5 e3 36. Bd3 Re8 37. Qh4 e2 38. Rh1 e1=Q+ 39. Rxe1 Rxe1+
40. Qxe1 Qxg2 41. Qe8+ Kg7 42. Qe5+ Kg8 43. Qe8+ Kg7 44. Qe3 Bd5 1/2-1/2

[Event "Copa Latinoamericana de Ajedrez 2011"]
[Site "Montevideo URU"]
[Date "2011.11.05"]
[Round "7.47"]
[White "Lanzilotta, Marcelo"]
[Black "Rodi, Luis Ernesto"]
[Result "0-1"]
[WhiteElo "2011"]
[BlackElo "2406"]
[PlyCount "76"]
[EventDate "2011.11.01"]
[EventType "swiss"]
[EventRounds "9"]
[EventCountry "URU"]
[Source "lmi"]
[SourceDate "2011.11.01"]

1. e4 c6 2. d4 d5 3. exd5 cxd5 4. c4 Nf6 5. Nf3 Nc6 6. Nc3 Bg4 7. Be3 e6 8.
cxd5 Nxd5 9. Be2 Nxe3 10. fxe3 Qb6 11. O-O Be7 12. d5 Qxe3+ 13. Kh1 O-O-O 14.
Qa4 Nb4 15. Rac1 Kb8 16. d6 Bxd6 17. Nb5 Bxf3 18. Bxf3 Nd3 19. Rc2 Qb6 20. Nxd6
Rxd6 21. h3 Qb4 22. Qxb4 Nxb4 23. Rc4 Nd3 24. Rc3 f6 25. Rb3 b6 26. a4 Nc5 27.
Rb4 Rhd8 28. a5 Rd4 29. Rb5 Kc7 30. b4 Nd3 31. axb6+ axb6 32. Ra1 Rxb4 33. Ra7+
Kd6 34. Rxb4 Nxb4 35. Rxg7 Rd7 36. Rg4 Nd5 37. Rg8 Rb7 38. Rd8+ Ke5 0-1

[Event "Copa Latinoamericana de Ajedrez 2011"]
[Site "Montevideo URU"]
[Date "2011.11.05"]
[Round "7.48"]
[White "Colman, Matias"]
[Black "Bentancor, Franco"]
[Result "1-0"]
[WhiteElo "2007"]
[BlackElo "2240"]
[PlyCount "101"]
[EventDate "2011.11.01"]
[EventType "swiss"]
[EventRounds "9"]
[EventCountry "URU"]
[Source "lmi"]
[SourceDate "2011.11.01"]

1. d4 Nf6 2. c4 g6 3. Nc3 Bg7 4. e4 d6 5. f4 c5 6. d5 O-O 7. Nf3 a6 8. Be2 b5
9. e5 Ne8 10. O-O bxc4 11. Bxc4 Bg4 12. h3 Bxf3 13. Qxf3 Nd7 14. g4 dxe5 15. f5
Nd6 16. Bd3 Rb8 17. Rb1 Rb4 18. Bd2 Rd4 19. Be1 Qb6 20. Bf2 Rf4 21. Qe2 a5 22.
fxg6 fxg6 23. Be3 R4f6 24. b3 Qb4 25. Rxf6 exf6 26. Nb5 Nxb5 27. Bxb5 Nb6 28.
Rc1 Rc8 29. d6 Bf8 30. Rd1 Rd8 31. d7 Kg7 32. Bc6 a4 33. g5 Be7 34. gxf6+ Bxf6
35. Qf2 Bh4 36. Qf3 axb3 37. axb3 e4 38. Qf4 Bf6 39. Rf1 Qc3 40. Rd1 Qxb3 41.
Rd2 g5 42. Qxe4 Nc4 43. Rd3 Qb1+ 44. Kg2 Qc2+ 45. Kh1 Qb1+ 46. Kg2 Rb8 47. Qxc4
Rb4 48. d8=Q Bxd8 49. Rd7+ Kg6 50. Qf7+ Kh6 51. Rd6+ 1-0

[Event "Copa Latinoamericana de Ajedrez 2011"]
[Site "Montevideo URU"]
[Date "2011.11.05"]
[Round "7.49"]
[White "Lallana, Daniel"]
[Black "Pazdur, Martin"]
[Result "1/2-1/2"]
[WhiteElo "2003"]
[BlackElo "2230"]
[PlyCount "60"]
[EventDate "2011.11.01"]
[EventType "swiss"]
[EventRounds "9"]
[EventCountry "URU"]
[Source "lmi"]
[SourceDate "2011.11.01"]

1. c4 Nf6 2. d4 e6 3. Nc3 Bb4 4. Bd2 O-O 5. e3 d5 6. Rc1 c6 7. Nf3 Nbd7 8. Ne2
Bd6 9. Ng3 Ne4 10. Bd3 f5 11. a3 Nxd2 12. Nxd2 f4 13. e4 Qh4 14. Nf3 Qh6 15. e5
fxg3 16. exd6 gxf2+ 17. Kxf2 e5 18. cxd5 e4 19. Bxe4 Nf6 20. Re1 Ng4+ 21. Kg1
cxd5 22. Qb3 Kh8 23. Qxd5 Rxf3 24. Bxf3 Qxh2+ 25. Kf1 Bd7 26. Bxg4 Bxg4 27. Rc3
Rf8+ 28. Rf3 Qh1+ 29. Kf2 Qh4+ 30. Kf1 Qh1+ 1/2-1/2

[Event "Copa Latinoamericana de Ajedrez 2011"]
[Site "Montevideo URU"]
[Date "2011.11.05"]
[Round "7.50"]
[White "Casas, Nicolas"]
[Black "Cristobal, Manuel"]
[Result "0-1"]
[WhiteElo "1811"]
[BlackElo "2208"]
[PlyCount "148"]
[EventDate "2011.11.01"]
[EventType "swiss"]
[EventRounds "9"]
[EventCountry "URU"]
[Source "lmi"]
[SourceDate "2011.11.01"]

1. d4 Nc6 2. Nf3 e6 3. c4 Nf6 4. Bg5 Bb4+ 5. Nc3 h6 6. Bd2 O-O 7. e3 d6 8. Be2
e5 9. dxe5 dxe5 10. a3 Bd6 11. e4 Nd4 12. O-O Nxe2+ 13. Qxe2 Bg4 14. Rad1 Qe7
15. Nb5 Bc5 16. b4 a6 17. bxc5 axb5 18. Bb4 Qe6 19. cxb5 Rfd8 20. Qe3 Bxf3 21.
Qxf3 Qc4 22. b6 cxb6 23. cxb6 Qc6 24. Rxd8+ Rxd8 25. Be7 Ra8 26. Bxf6 Qxf6 27.
Qxf6 gxf6 28. f3 Rxa3 29. Rb1 Kf8 30. Kf2 Rc3 31. Rb2 Ke7 32. Kg3 f5 33. exf5
Kf6 34. Rb4 Kxf5 35. Rb5 Rc6 36. Kf2 Ke6 37. Ke3 Rc2 38. f4 exf4+ 39. Kxf4 Rxg2
40. Rh5 Rg6 41. Re5+ Kd7 42. Rf5 Ke7 43. Rb5 Kd7 44. Rf5 Ke8 45. Rb5 Rd6 46. h4
Rd4+ 47. Kg3 Kd7 48. Rf5 Ke7 49. Rb5 Kf6 50. Rh5 Kg6 51. Rb5 f5 52. Re5 Kf6 53.
Rb5 Rg4+ 54. Kh3 Ke6 55. Rb3 h5 56. Rb5 Rc4 57. Kg3 Rg4+ 58. Kh3 Kf6 59. Rd5
Rb4 60. Rd6+ Ke5 61. Rh6 Rb3+ 62. Kg2 Kf4 63. Rg6 Rb2+ 64. Kh3 Ke4 65. Re6+ Kf3
66. Rf6 Rb3 67. Rg6 Kf2+ 68. Kh2 f4 69. Rf6 f3 70. Re6 Kf1 71. Rf6 f2 72. Re6
Rb4 73. Kh3 Kg1 74. Re1+ fxe1=R 0-1

[Event "Copa Latinoamericana de Ajedrez 2011"]
[Site "Montevideo URU"]
[Date "2011.11.05"]
[Round "7.52"]
[White "Granara Barreto, Sebastian"]
[Black "Heinecke, Lucas"]
[Result "1/2-1/2"]
[WhiteElo "2190"]
[BlackElo "1968"]
[PlyCount "80"]
[EventDate "2011.11.01"]
[EventType "swiss"]
[EventRounds "9"]
[EventCountry "URU"]
[Source "lmi"]
[SourceDate "2011.11.01"]

1. e4 c5 2. Nf3 a6 3. g3 Nc6 4. Bg2 g6 5. O-O Nf6 6. d3 d6 7. Re1 Nd7 8. c3 Bg7
9. a4 O-O 10. Na3 Rb8 11. Be3 b5 12. axb5 axb5 13. d4 Nb6 14. dxc5 dxc5 15.
Bxc5 Qxd1 16. Raxd1 Na4 17. Nd4 Nxd4 18. Bxd4 b4 19. cxb4 Rxb4 20. Nc2 Rb3 21.
Re3 Rxe3 22. Nxe3 Nxb2 23. Rd2 Rd8 24. Nd5 Bxd4 25. Rxd4 Kg7 26. Rb4 Nd3 27.
Rb8 Ne5 28. f4 Nc6 29. Rb6 Bd7 30. Rb7 e6 31. Ne3 h5 32. e5 Nd4 33. Nc4 Bc6 34.
Bxc6 Nxc6 35. Nd6 Rc8 36. Kf2 Nd4 37. h3 Nf5 38. Ne4 Nh6 39. Kf3 Ra8 40. Rb3
Nf5 1/2-1/2

[Event "Copa Latinoamericana de Ajedrez 2011"]
[Site "Montevideo URU"]
[Date "2011.11.05"]
[Round "7.53"]
[White "Froes Yano, William Jorge"]
[Black "Cori, Kevin"]
[Result "0-1"]
[WhiteElo "2162"]
[BlackElo "1902"]
[PlyCount "122"]
[EventDate "2011.11.01"]
[EventType "swiss"]
[EventRounds "9"]
[EventCountry "URU"]
[Source "lmi"]
[SourceDate "2011.11.01"]

1. e4 e5 2. Nc3 Nf6 3. f4 d5 4. fxe5 Nxe4 5. Nf3 Nxc3 6. dxc3 c5 7. Bf4 Be7 8.
Qd2 Be6 9. Qf2 Nc6 10. a3 g5 11. Bg3 Qb6 12. O-O-O O-O-O 13. h4 g4 14. Nd2 Rhf8
15. Bd3 Na5 16. b4 Nc6 17. Bxh7 Qa6 18. Nb1 d4 19. Bd3 Qa4 20. Qf1 a6 21. Bc4
dxc3 22. Bxe6+ fxe6 23. Qc4 Nd4 24. Rxd4 Rxd4 25. Qxc3 Rfd8 26. Bf2 R4d5 27. h5
Kb8 28. bxc5 Qc6 29. Qa5 Bg5+ 30. Kb2 Bf4 31. Re1 R8d7 32. Nc3 Rxe5 33. Qb4 Rf7
34. Rd1 Bc1+ 35. Kxc1 Rxf2 36. Rd6 Qxc5 37. h6 Qxb4 38. axb4 Rh5 39. Rxe6 Rxg2
40. Nd5 Rxd5 41. Re8+ Ka7 42. h7 Rh2 43. h8=Q Rxh8 44. Rxh8 Rg5 45. Rh2 g3 46.
Rg2 Kb6 47. Kb2 Kb5 48. Kb3 Rg4 49. c3 b6 50. Kc2 Kc4 51. Kd2 Kb3 52. Kd3 a5
53. bxa5 bxa5 54. Rg1 g2 55. Rb1+ Ka2 56. Rg1 Kb2 57. c4 a4 58. c5 a3 59. c6
Rg7 60. c7 Rxc7 61. Rxg2+ Kb3 0-1

[Event "Copa Latinoamericana de Ajedrez 2011"]
[Site "Montevideo URU"]
[Date "2011.11.05"]
[Round "7.54"]
[White "Passos Coutinho, Eduardo"]
[Black "Crespo, Antonio Rogerio"]
[Result "1/2-1/2"]
[WhiteElo "1810"]
[BlackElo "2153"]
[PlyCount "90"]
[EventDate "2011.11.01"]
[EventType "swiss"]
[EventRounds "9"]
[EventCountry "URU"]
[Source "lmi"]
[SourceDate "2011.11.01"]

1. Nf3 Nf6 2. g3 b5 3. Bg2 Bb7 4. O-O e6 5. b3 Be7 6. Bb2 O-O 7. d3 d5 8. Nbd2
Nbd7 9. c4 b4 10. cxd5 exd5 11. Nd4 Re8 12. Rc1 c5 13. Nf5 Bf8 14. d4 Qb6 15.
dxc5 Bxc5 16. e3 Ba6 17. Re1 Ne5 18. Bxe5 Rxe5 19. Nh4 Rc8 20. Ndf3 Ree8 21.
Nf5 g6 22. N5d4 Ne4 23. Bh3 Nc3 24. Qd2 Rc7 25. Rc2 Ne4 26. Qd1 Qf6 27. Bf1
Rec8 28. Bxa6 Qxa6 29. Qe2 Qf6 30. Rec1 g5 31. h3 Bxd4 32. Rxc7 Rxc7 33. Rxc7
Nc3 34. Rxc3 Bxc3 35. Kg2 Qe7 36. Qd3 Qd8 37. Qf5 h6 38. h4 Bf6 39. hxg5 hxg5
40. Qd3 Qa5 41. Qf5 Qd8 42. Qg4 a5 43. Nh4 d4 44. exd4 Qxd4 45. Qxd4 Bxd4
1/2-1/2